banner koha

Growing knowledge: an overview of Seed Plant diversity in Brazil (Registro n. 330542)

MARC details
000 -LÍDER
fixed length control field 04326nab a2200397 i 4500
003 - CÓDIGO MARC DA AGÊNCIA CATALOGADORA
Campo de controle BR-BrBNA
005 - DATA E HORA DA ÚLTIMA ATUALIZAÇÃO
Campo de controle 20250320075134.0
008 - CAMPO DE TAMANHO FIXO
fixed length control field 250320b2015 bl.qr|pooa||| 00| 0 eng |
040 ## - FONTE DA CATALOGAÇÃO
Agência catalogadora BR-BrBNA
Idioma da catalogação eng
072 ## - CATEGORIA AGRIS
Código AGRIS F70
072 ## - CATEGORIA AGRIS
Código AGRIS C30
100 ## - ENTRADA PRINCIPAL - NOME PESSOAL
Nome pessoal Zappi, Daniela C.
100 ## - ENTRADA PRINCIPAL - NOME PESSOAL
Nome pessoal Filard, Fabiana L. Ranzato
100 ## - ENTRADA PRINCIPAL - NOME PESSOAL
Nome pessoal Leitman, Paula
100 ## - ENTRADA PRINCIPAL - NOME PESSOAL
Nome pessoal Souza, Vinícius C.
100 ## - ENTRADA PRINCIPAL - NOME PESSOAL
Nome pessoal Walter, Bruno M.T.
100 ## - ENTRADA PRINCIPAL - NOME PESSOAL
Nome pessoal Pirani, José R.
100 ## - ENTRADA PRINCIPAL - NOME PESSOAL
Nome pessoal Morim, Marli P.
100 ## - ENTRADA PRINCIPAL - NOME PESSOAL
Nome pessoal Queiroz, Luciano P.
100 ## - ENTRADA PRINCIPAL - NOME PESSOAL
Nome pessoal Cavalcanti, Taciana B.
100 ## - ENTRADA PRINCIPAL - NOME PESSOAL
Nome pessoal Mansano, Vidal F.
100 ## - ENTRADA PRINCIPAL - NOME PESSOAL
Nome pessoal Forzza, Rafaela C.
100 ## - ENTRADA PRINCIPAL - NOME PESSOAL
Nome pessoal et al.
245 ## - TÍTULO PRINCIPAL
Título principal Growing knowledge: an overview of Seed Plant diversity in Brazil
500 ## - NOTA GERAL
Nota geral Publicação on-line; 43 ref.; 17 tables; 5 illus.; Summaries (En, Pt)
942 ## - ADDED ENTRY ELEMENTS (KOHA)
Koha item type Analítica
520 ## - NOTA DE RESUMO
Nota de conteúdo <br/><br/>Abstract<br/><br/>An updated inventory of Brazilian seed plants is presented and offers important insights into the country’s<br/>biodiversity. This work started in 2010, with the publication of the Plants and Fungi Catalogue, and has been<br/>updated since by more than 430 specialists working online. Brazil is home to 32,086 native Angiosperms and<br/>23 native Gymnosperms, showing an increase of 3% in its species richness in relation to 2010. The Amazon<br/>Rainforest is the richest Brazilian biome for Gymnosperms, while the Atlantic Rainforest is the richest one for<br/>Angiosperms. There was a considerable increment in the number of species and endemism rates for biomes, except<br/>for the Amazon that showed a decrease of 2.5% of recorded endemics. However, well over half of Brazillian seed<br/>plant species (57.4%) is endemic to this territory. The proportion of life-forms varies among different biomes:<br/>trees are more expressive in the Amazon and Atlantic Rainforest biomes while herbs predominate in the Pampa,<br/>and lianas are more expressive in the Amazon, Atlantic Rainforest, and Pantanal. This compilation serves not only<br/>to quantify Brazilian biodiversity, but also to highlight areas where there information is lacking and to provide a<br/>framework for the challenge faced in conserving Brazil’s unique and diverse flora.<br/><br/>Key words: Angiosperms, biomes, endemism, Gymnosperms, life-forms.<br/><br/><br/><br/><br/><br/>Resumo<br/><br/>Um levantamento atualizado das plantas com sementes e análises relevantes acerca desta biodiversidade são apresentados.<br/>Este trabalho se iniciou em 2010 com a publicação do Catálogo de Plantas e Fungos e, desde então vem sendo atualizado<br/>por mais de 430 especialistas trabalhando online. O Brasil abriga atualmente 32.086 espécies nativas de Angiospermas<br/>e 23 espécies nativas de Gimnospermas e estes novos dados mostram um aumento de 3% da riqueza em relação a 2010.<br/>A Amazônia é o Domínio Fitogeográfico com o maior número de espécies de Gimnospermas, enquanto que a Floresta<br/>Atlântica possui a maior riqueza de Angiospermas. Houve um crescimento considerável no número de espécies e nas<br/>taxas de endemismo para a maioria dos Domínios (Caatinga, Cerrado, Floresta Atlântica, Pampa e Pantanal), com<br/>exceção da Amazônia que apresentou uma diminuição de 2,5% de endemicidade. Entretanto, a maior parte das plantas<br/>com sementes que ocorrem no Brasil (57,4%) é endêmica deste território. A proporção de formas de vida varia de acordo<br/>com os diferentes Domínios: árvores são mais expressivas na Amazônia e Floresta Atlântica do que nos outros biomas,<br/>ervas são dominantes no Pampa e as lianas apresentam riqueza expressiva na Amazônia, Floresta Atlântica e Pantanal.<br/>Este trabalho não só quantifica a biodiversidade brasileira, mas também indica as lacunas de conhecimento e o desafio a<br/>ser enfrentado para a conservação desta flora.<br/><br/>Palavras-chave: Angiospermas, Domínios, endemismo, formas de vida, Gimnospermas.
650 ## - ASSUNTO - THESAGRO
Cabeçalho tópico ou nome geográfico PLANTA ANGIOSPERMA
650 ## - ASSUNTO - THESAGRO
Cabeçalho tópico ou nome geográfico ÁRVORE GIMNOSPERMA
650 ## - ASSUNTO - THESAGRO
Cabeçalho tópico ou nome geográfico BIODIVERSIDADE
650 ## - ASSUNTO - THESAGRO
Cabeçalho tópico ou nome geográfico TAXONOMIA
650 ## - ASSUNTO - THESAGRO
Cabeçalho tópico ou nome geográfico BANCO DE DADOS
773 0# - ENTRADA ANALÍTICA
Host Biblionumber 709
Registro do item 349166
Imprenta Rio de Janeiro-RJ Jardim Botanico do Rio de Janeiro 1935
Outro identificador 2025-1685
Título Rodriguésia (Brazil)
ISSN 0370-6583; 2175-7860 on-line
Colação v. 66(4) p. 1085-1113; (2015)
Número de controle de registro BR2025000258
856 ## - ACESSO E ENDEREÇO ELETRÔNICO
Identificador uniforme de recurso - URI https://www.scielo.br/j/rod/a/s8qy5ZLWZcyFxx9WGsh34PK/?format=pdf&lang=en

Nenhum exemplar disponível.

BINAGRI

Telefone: (61)3218-2567/2388/3357/2097 - binagri@agro.gov.br

Ministério da Agricultura e Pecuária , Esplanada dos Ministérios, Bloco D, Anexo B, Brasília/DF, CEP: 70.043-900